00651 2200241 4500001002100000005001500021035002000036245007400056100002100130250000600151300003500157700001200192260003600204082001200240084001800252020002200270650003200292990001700324990001700341990001700358990001700375990001700392INLIS00000000000026920180925105437 a0010-09180001231 aAyo Mengenal Indonesia Sumatra 2 /cZuhaida Ma'rifah; Editor, Raharjo0 aZuhaida Ma'rifah a- aiv, 60 hlm. :bilus. ;c21 cm.0 aRaharjo aJakarta :bCV Pamularsih,c2007 a911.598 a911.598 ZUH a a978-979-1494-32-8 aGeografi Historis Indonesia a01111/H/2018 a01112/H/2018 a01113/H/2018 a01114/H/2018 a01115/H/2018